Placer y bien. Platón, Aristóles, Freud

Na minha lista:
Detalhes bibliográficos
Main Authors: Maresca, Silvio Juan (autor), Magliano, Roberto (Author), Ons, Silvia (Author)
Formato: Livro
Idioma:espanhol
Publicado em: Buenos Aires Biblos 2006
Edição:1a. ed
Assuntos:
Tags: Adicionar Tag
Sem tags, seja o primeiro a adicionar uma tag!

MARC

LEADER 00000nam a2200000 a 4500
001 UCI2798
003 CL-VaPUC
008 070928e20060000AG |||||||||||||||||spa|d
020 |a 9507865241 
082 0 4 |a 150.195  |b MAR  |2 21 
100 |a Maresca, Silvio Juan  |e autor  |9 554753 
700 0 |a Magliano, Roberto  |e author  |9 523959 
700 0 |a Ons, Silvia  |e author  |9 523960 
245 1 0 |a Placer y bien. Platón, Aristóles, Freud 
250 |a 1a. ed 
300 |a 150 p 
942 |c BK 
945 |d 20070928 00:00:00  |a rbrito 
260 |a Buenos Aires  |b Biblos  |c 2006 
600 0 7 |a PLATON  |2 CL-VaPUC  |9 222 
600 0 |a Aristóteles,  |d 384 a.C.- 322 a.C.  |9 194 
600 0 |a Freud, Sigmund  |e author   |9 307892 
650 0 |a Psicoanálisis   |9 265702 
583 |a last modification  |c 20070928 00:00:00  |k Rodrigo Vera 
999 |c 327222  |d 327220 
952 |0 0  |1 0  |4 0  |6 150_195000000000000_MAR_2006  |7 0  |8 A  |9 409770  |a BIBEDU  |b BIBEDU  |d 2019-11-22  |i 4374487  |o 150.195 MAR 2006  |p 4374487  |r 2019-11-22  |w 2019-11-22  |y BK  |k FIL 
952 |0 0  |1 0  |4 0  |6 150_195000000000000_MAR_2006  |7 0  |8 A  |9 409771  |a BIBEDU  |b BIBEDU  |d 2019-11-22  |i 451601K  |o 150.195 MAR 2006  |p 451601K  |r 2019-11-22  |w 2019-11-22  |y BK  |k FIL